Statistics for One Juventus Player by Nation

Click here to take the quiz!

General Stats

  • This quiz has been taken 1,424 times
  • The average score is 15 of 18

Answer Stats

NationPlayer% Correct
FranceDavid Trezeguet | Zinédine Zidane | Lilian Thuram | +13 others
99%
ItalyGianluigi Buffon | Alessandro Del Piero | Giorgio Chiellini | +165 others
99%
PortugalCristiano Ronaldo | Paulo Sousa | Tiago Mendes | +5 others
98%
ArgentinaPaulo Dybala | Gonzalo Higuaín | Carlos Tevez | +9 others
98%
BrazilAlex Sandro | Júlio César | Danilo | +14 others
97%
SwedenZlatan Ibrahimović | Dejan Kulusevski | Olof Mellberg | +1 other
91%
CroatiaMario Mandžukić | Igor Tudor | Alen Bokšić | +5 others
87%
ChileArturo Vidal | Mauricio Isla | Marcelo Salas
85%
NetherlandsEdgar Davids | Matthijs de Ligt | Edwin van der Sar | +2 others
84%
GermanyJürgen Kohler | Sami Khedira | Andreas Möller | +4 others
84%
SerbiaVladimir Jugović | Darko Kovačević | Miloš Krasić | +3 others
82%
Bosnia & HerzegovinaMiralem Pjanić | Hasan Salihamidžić
81%
UruguayPaolo Montero | Rodrigo Bentancur | Martín Cáceres | +5 others
80%
SpainÁlvaro Morata | Fernando Llorente
79%
Czech RepublicPavel Nedvěd | Zdeněk Grygera
75%
SwitzerlandStephan Lichtsteiner | Denis Zakaria | Davide Chiumiento
73%
GhanaKwadwo Asamoah | Stephen Appiah
65%
DenmarkChristian Poulsen | Frederik Sørensen | Nicklas Bendtner
47%

Score Distribution

Percentile by Number Answered

Percent of People with Each Score

Your Score History

You have not taken this quiz